Name the Most Frequent Country Flag Colors - Statistics

General Stats
  • This quiz has been taken 29 times
  • The average score is 9 of 10
Answer Stats
% of flags Color % Correct
30.46%- 60 Black
100%
51.78%- 102 Blue
100%
44.67%- 88 Green
100%
4.57%- 9 Orange
100%
76.14%- 150 flags Red
100%
71.57%- 141 White
100%
1.52- 3 Purple
93%
3.05- 6 Gray
76%
4.06%- 8 Brown
72%
45.18%- 89 Yellow (Gold)
72%
No matching quizzes found
Score Distribution
Percent of People with Each Score
Percentile by Number Answered
Your Score History
You have not taken this quiz